Commission Regulation (EEC) No 502/93 of 4 March 1993 determining the loss of income and the premiums applicable per ewe and per female goat in the Member States and the specific aid for sheep and goat farming in certain less-favoured areas of the Community for the 1992 marketing year. (Record no. 91498)

MARC details
000 -LEADER
fixed length control field 00744cam a2200205 4500
001 - CONTROL NUMBER
control field J1586
008 - FIXED-LENGTH DATA ELEMENTS--GENERAL INFORMATION
fixed length control field 090401t1993 xxu||||| |||| 00| 0 eng d
035 ## - SYSTEM CONTROL NUMBER
System control number (Sirsi) u44345
041 ## - LANGUAGE CODE
Language code of text/sound track or separate title eng
110 ## - MAIN ENTRY--CORPORATE NAME
Corporate name or jurisdiction name as entry element Europe
Subordinate unit European Communities Commission
9 (RLIN) 698
245 ## - TITLE STATEMENT
Title Commission Regulation (EEC) No 502/93 of 4 March 1993 determining the loss of income and the premiums applicable per ewe and per female goat in the Member States and the specific aid for sheep and goat farming in certain less-favoured areas of the Community for the 1992 marketing year.
260 ## - PUBLICATION, DISTRIBUTION, ETC.
Date of publication, distribution, etc. 1993
300 ## - PHYSICAL DESCRIPTION
Extent (3)p. ; 30cm.
350 ## - PRICE (NR) (BK AM CF MU VM SE) [OBSOLETE]
Price 0
650 ## - SUBJECT ADDED ENTRY--TOPICAL TERM
Topical term or geographic name entry element EC COMMUNITY
650 ## - SUBJECT ADDED ENTRY--TOPICAL TERM
Topical term or geographic name entry element EC REGULATIONS
650 ## - SUBJECT ADDED ENTRY--TOPICAL TERM
Topical term or geographic name entry element EWE PREMIUMS
942 ## - ADDED ENTRY ELEMENTS (KOHA)
Suppress in OPAC 0
948 ## - LOCAL PROCESSING INFORMATION (OCLC); SERIES PART DESIGNATOR (RLIN)
c (OCLC) 04/03/1997
Holdings
Withdrawn status Lost status Source of classification or shelving scheme Damaged status Not for loan Home library Current library Shelving location Date acquired Total Checkouts Full call number Barcode Date last seen Copy number Price effective from Koha item type
    Dewey Decimal Classification     London London Reference copy 03/06/1993   FILING CABINET 30038879 06/08/2019 1 06/08/2019 Book